Hệ thống điều khiển số trong công nghiệp

Đã lưu trong:
Sonraí Bibleagrafaíochta
Príomhúdar: Bùi, Quý Lực
Formáid: Leabhar
Teanga:Undetermined
Foilsithe: Hà Nội Khoa học Kỹ thuật 2004
Ábhair:
Clibeanna: Cuir Clib Leis
Gan Chlibeanna, Bí ar an gcéad duine leis an taifead seo a chlibeáil!
Thư viện lưu trữ: Trung tâm Học liệu Trường Đại học Cần Thơ
LEADER 00593nam a2200205Ia 4500
001 CTU_63208
008 210402s9999 xx 000 0 und d
020 |b 34000 
020 |c 34000 
082 |a 621.9023 
082 |b L552 
100 |a Bùi, Quý Lực 
245 0 |a Hệ thống điều khiển số trong công nghiệp 
245 0 |c Bùi Quý Lực 
260 |a Hà Nội 
260 |b Khoa học Kỹ thuật 
260 |c 2004 
650 |a Machine Tools,Numerical control 
904 |i Năm 
980 |a Trung tâm Học liệu Trường Đại học Cần Thơ